Call me by your name / (Record no. 9629)

MARC details
000 -LEADER
fixed length control field 01462nam a22002417a 4500
001 - CONTROL NUMBER
control field 9629
003 - CONTROL NUMBER IDENTIFIER
control field FISKH
005 - DATE AND TIME OF LATEST TRANSACTION
control field 20260126161042.0
008 - FIXED-LENGTH DATA ELEMENTS--GENERAL INFORMATION
fixed length control field 260126b cb ||||| |||| 00| 0 eng d
020 ## - INTERNATIONAL STANDARD BOOK NUMBER
International Standard Book Number 9781250169440
040 ## - CATALOGING SOURCE
Original cataloging agency FISKH
Language of cataloging eng
Transcribing agency FISKH
Modifying agency FISKH
050 ## - LIBRARY OF CONGRESS CALL NUMBER
Classification number PS3601 .C525 .C35
082 ## - DEWEY DECIMAL CLASSIFICATION NUMBER
Classification number 813.6
100 ## - MAIN ENTRY--PERSONAL NAME
Personal name Aciman, André
245 ## - TITLE STATEMENT
Title Call me by your name /
Statement of responsibility, etc. A Novel By Andre Aciman ; A film by Luca Guadagnino
250 ## - EDITION STATEMENT
Edition statement This edition published in 2017
260 ## - PUBLICATION, DISTRIBUTION, ETC.
Place of publication, distribution, etc. New York :
Name of publisher, distributor, etc. Picador,
Date of publication, distribution, etc. 2007
300 ## - PHYSICAL DESCRIPTION
Extent 248 pages :
Dimensions 21 cm
520 ## - SUMMARY, ETC.
Summary, etc. Call Me by Your Name is the story of a sudden and powerful romance that blossoms between an adolescent boy and a summer guest at his parents' house, a cliff-side mansion on the Italian Riviera. Unprepared for the consequences of their attraction, at first each feigns indifference to the other. But during the warm, languorous summer weeks that follow, unrelenting buried currents of obsession and fear, fascination and desire, intensify their passion as they test the charged ground between them. What grows from the depths of their spirits is a romance of scarcely six weeks duration and an experience that marks them for a lifetime. For what the two discover on the Riviera and on a sultry evening in Rome is the one thing both already fear they may never truly find again: total intimacy.
650 ## - SUBJECT ADDED ENTRY--TOPICAL TERM
Topical term or geographic name entry element Romance
Form subdivision American literature
General subdivision LGBTQ
942 ## - ADDED ENTRY ELEMENTS (KOHA)
Source of classification or shelving scheme Dewey Decimal Classification
Koha item type Books
Suppress in OPAC No
Holdings
Withdrawn status Lost status Source of classification or shelving scheme Damaged status Not for loan Collection Home library Current library Shelving location Date acquired Total Checkouts Full call number Barcode Date last seen Copy number Price effective from Koha item type
    Dewey Decimal Classification     Fiction Footprints International School Library Network Toul Kork Campus Footprints International School Library Network Toul Kork Campus A TK Campus, 4th Floor, Room B401, Fiction Bookcases (1-6) 01/26/2026   ACI 813.6 PS3601 .C525 .C35 2026-0145 01/26/2026 1 01/26/2026 Books